000 01242cam a2200337 4500
008 090401t1997 xxu||||| |||| 00| 0 eng d
020 _a0854068333
035 _a(Sirsi) u78426
041 0 _aeng
050 0 4 _a336.21 $2 18
110 2 _aIncorporated Society of Valuers and Auctioneers
_91201
245 0 4 _aThe receipts and expenditure method of valuation for non-domestic rating
_ba guidance note
_h[archived]
260 _aLondon
_bRICS
_c1997
300 _a27p.
_c30cm.
350 _a10
520 _aSets out best practice for the method of valuation previously known as profits basis.
520 _aArchived and no longer a current document.
650 2 4 _aRECEIPTS AND EXPENDITURE VALUATION METHOD
650 2 4 _aRATING
651 4 _aEngland and Wales
690 _aValuation
_96273
710 2 _aJoint Professional Institutions' Rating Valuation Forum.
_9972
710 2 _aInstitute of Revenues, Rating and Valuation
_92992
710 2 _aValuation Office
_9264
710 2 _aRoyal Institution of Chartered Surveyors
_94900
710 2 _aValuation and Lands Agency
_9966
710 2 _aRating Surveyors' Association
_92328
710 2 _aScottish Assessors' Association
_9968
942 _n0
_2ddc
948 _c20/05/1997
999 _c96448
_d96448